| 000 | 00927nam a22002297a 4500 | ||
|---|---|---|---|
| 999 |
_c2165 _d2165 |
||
| 003 | AR-CdUCM | ||
| 008 | 190304b ||||| |||| 00| 0 spa d | ||
| 020 | _a968-16-1964-1 | ||
| 040 |
_aMUNICIPALIDAD PROVINCIAL DEL CUSCO _cBIBLIOTECA MUNICIPAL DEL CUSCO |
||
| 082 |
_a338.17353 / _bB44 |
||
| 100 |
_aBenítez, Fernando _9675 |
||
| 245 |
_aKi: _bel drama de un pueblo y una planta / |
||
| 260 |
_aMéxico : _bFondo de Cultura Económica, _c1985. |
||
| 300 |
_a241 páginas ; _c21 cm. |
||
| 440 |
_aLecturas mexcanas. _n78 _97808 |
||
| 505 | _aContenido: El sureste de Mexico -- ¿Qué tierra ésta? -- Una planta del desierto hace carrera -- Las fiestas y aguafiestas -- Salvador Cárdenas: La revolución -- Los ladrones: la contrarrevolución -- Acú o el infierno ... | ||
| 650 |
_aYucatán-México _97809 |
||
| 650 |
_aCondiciones sociales _91132 |
||
| 650 |
_aHenequén _97810 |
||
| 942 |
_2ddc _cLIBROS |
||
| 945 | _azta | ||